|
|
|
|
| LEADER |
01565nam a2200397 i 4500 |
| 001 |
EBC5532025 |
| 003 |
MiAaPQ |
| 005 |
20200520144314.0 |
| 006 |
m o d | |
| 007 |
cr cnu|||||||| |
| 008 |
181019s2018 dcu o 000 0 eng d |
| 020 |
|
|
|z 9781464812941
|
| 020 |
|
|
|a 9781464812958
|q (electronic bk.)
|
| 035 |
|
|
|a (MiAaPQ)EBC5532025
|
| 035 |
|
|
|a (Au-PeEL)EBL5532025
|
| 035 |
|
|
|a (CaPaEBR)ebr11614505
|
| 035 |
|
|
|a (OCoLC)1055656301
|
| 040 |
|
|
|a MiAaPQ
|b eng
|e rda
|e pn
|c MiAaPQ
|d MiAaPQ
|
| 043 |
|
|
|a az-----
|
| 050 |
|
4 |
|a HF1586.5
|b .G537 2018
|
| 082 |
0 |
|
|a 382.0954
|2 23
|
| 245 |
0 |
2 |
|a A glass half full :
|b the promise of regional trade in South Asia /
|c Sanjay Kathuria, editor.
|
| 264 |
|
1 |
|a Washington, DC :
|b The World Bank,
|c [2018]
|
| 264 |
|
4 |
|c 2018
|
| 300 |
|
|
|a 1 online resource (253 pages)
|
| 336 |
|
|
|a text
|b txt
|2 rdacontent
|
| 337 |
|
|
|a computer
|b c
|2 rdamedia
|
| 338 |
|
|
|a online resource
|b cr
|2 rdacarrier
|
| 588 |
|
|
|a Description based on print version record.
|
| 590 |
|
|
|a Electronic reproduction. Ann Arbor, MI : ProQuest, 2018. Available via World Wide Web. Access may be limited to ProQuest affiliated libraries.
|
| 651 |
|
0 |
|a South Asia
|x Commerce.
|
| 655 |
|
4 |
|a Electronic books.
|
| 700 |
1 |
|
|a Kathuria, Sanjay,
|e editor.
|
| 776 |
0 |
8 |
|i Print version:
|t Glass half full : the promise of regional trade in South Asia.
|d Washington, DC : The World Bank, c2018
|h 253 pages
|z 9781464812941
|
| 797 |
2 |
|
|a ProQuest (Firm)
|
| 856 |
4 |
0 |
|u https://ebookcentral.proquest.com/lib/matrademy/detail.action?docID=5532025
|z Click to View
|